00732nam a2200229 a 450000100060000000300080000600500170001400800410003103500210007204000350009304100080012808200250013610000480016124500620020926000360027130000270030750000200033465000210035465100310037565100480040665100480045464745BD-RJUL20211209081338.0170220s1931 enk 001 0 eng d a(BD-RJUL) 64875) aBD-RJULcBD-RJULdBD-RJULbeng aeng 223a940.27bMOH 19311 aMowat, R. B.q(Robert Balmain),d1883-1941.12aA history of European diplomacy, 1914-1925 /cR.B. Mowat. aLondon :bEdward Arnold,c1931. aviii, 343 p. ;c23 cm. aIncludes Index. 0aFrancexHistory. 0aEuropexForeign relations. 0aEuropexPolitics and governmenty1815-1871. 0aEuropexPolitics and governmenty1871-1918.